[Event "Bratsk-ch"]
[Site "Bratsk"]
[Date "2018.04.04"]
[Round "13"]
[White "Timoshenkov, Alexander"]
[Black "Ogorelkov, Vladimir"]
[Result "1-0"]
[WhiteElo "2200"]
[BlackElo "1372"]
[PlyCount "113"]
[EventDate "2018.03.24"]
[EventType "tourn"]
[EventRounds "13"]
[EventCountry "RUS"]
[SourceTitle "EXT 2019"]
[Source "ChessBase"]
[SourceDate "2018.10.10"]
[SourceVersion "1"]
[SourceVersionDate "2018.10.10"]
[SourceQuality "1"]

1. d4 f5 2. c4 Nf6 3. Nc3 g6 4. Nf3 Bg7 5. Qc2 e6 6. e4 d6 7. Bd3 0-0 8. Bg5 h6 9. Bxf6 Bxf6 10. e5 Bg7 11. 0-0-0 Nc6 12. Rhe1 dxe5 13. dxe5 Qe7 14. Bf1 b6 15. Nd4 Bb7 16. Nxc6 Bxc6 17. f4 Rfd8 18. a3 a5 19. Qf2 Bf8 20. Rxd8 Rxd8 21. Rd1 Rxd1+ 22. Kxd1 Qc5 23. Qxc5 Bxc5 24. Kd2 g5 25. fxg5 hxg5 26. Ne2 f4 27. Kd3 Be3 28. Nd4 Bd7 29. Nf3 g4 30. Ng5 Kg7 31. Be2 Bc1 32. Bxg4 Bxb2 33. Bxe6 Bc6 34. Bd5 Bxd5 35. cxd5 Bxe5 36. Ke4 Bd6 37. Ne6+ Kg6 38. a4 f3 39. gxf3 Bxh2 40. Nd4 Bd6 41. f4 Bc5 42. Nb5 Bd6 43. Ke3 Kf5 44. Nxd6+ cxd6 45. Kf3 b5 46. axb5 a4 47. b6 a3 48. b7 a2 49. b8Q a1Q 50. Qf8+ Qf6 51. Qxf6+ Kxf6 52. Kg4 Kg6 53. f5+ Kf6 54. Kf4 Kf7 55. Kg5 Kg7 56. f6+ Kf7 57. Kf5 1-0

[Event "Bratsk-ch"]
[Site "Bratsk"]
[Date "2018.03.27"]
[Round "5"]
[White "Galaktionov, Pavel"]
[Black "Timoshenkov, Alexander"]
[Result "1-0"]
[WhiteElo "2167"]
[BlackElo "2200"]
[PlyCount "119"]
[EventDate "2018.03.24"]
[EventType "tourn"]
[EventRounds "13"]
[EventCountry "RUS"]
[SourceTitle "EXT 2019"]
[Source "ChessBase"]
[SourceDate "2018.10.10"]
[SourceVersion "1"]
[SourceVersionDate "2018.10.10"]
[SourceQuality "1"]

1. e4 e5 2. Nf3 Nc6 3. Bc4 Nf6 4. d4 exd4 5. e5 d5 6. Bb5 Nd7 7. 0-0 Be7 8. Bf4 0-0 9. Re1 Ndb8 10. Nxd4 Nxd4 11. Qxd4 c5 12. Qd2 c4 13. Ba4 d4 14. c3 d3 15. Bd1 Be6 16. Bf3 Qc8 17. Qd1 Nd7 18. Nd2 Nc5 19. Ne4 Nxe4 20. Bxe4 Rd8 21. h3 Qd7 22. Qf3 Bd5 23. Rad1 Bxe4 24. Rxe4 Qc6 25. Be3 b5 26. Bd4 Rac8 27. Qe3 Bc5 28. a3 Re8 29. f3 a5 30. Kf2 Bxd4 31. Qxd4 Red8 32. Qe3 Rb8 33. e6 fxe6 34. Rxe6 Qc7 35. Rd2 Qf7 36. Re7 Qf6 37. Qe4 Qf8 38. a4 Re8 39. Qd5+ Kh8 40. Rf7 Qg8 41. Qf5 Rf8 42. Rxf8 Rxf8 43. Qxb5 Qe6 44. Qg5 Re8 45. Kg3 h6 46. Qf4 Qe1+ 47. Kh2 Qe6 48. h4 Re7 49. Qd4 Re8 50. Qf4 Kg8 51. Qd4 Re7 52. b3 Qe1 53. Qxc4+ Kh7 54. Qxd3+ g6 55. Qd4 Rf7 56. c4 Qe7 57. c5 Qb7 58. Qd5 Qb8+ 59. Qd6 Qb4 60. Rd4 1-0

[Event "Bratsk-ch"]
[Site "Bratsk"]
[Date "2018.03.25"]
[Round "3"]
[White "Davydkin, Igor"]
[Black "Timoshenkov, Alexander"]
[Result "0-1"]
[WhiteElo "2168"]
[BlackElo "2200"]
[PlyCount "60"]
[EventDate "2018.03.24"]
[EventType "tourn"]
[EventRounds "13"]
[EventCountry "RUS"]
[SourceTitle "EXT 2019"]
[Source "ChessBase"]
[SourceDate "2018.10.10"]
[SourceVersion "1"]
[SourceVersionDate "2018.10.10"]
[SourceQuality "1"]

1. e4 c5 2. Nf3 d6 3. d4 cxd4 4. Nxd4 Nf6 5. Nc3 a6 6. Be2 e6 7. Bg5 Be7 8. 0-0 0-0 9. Qd2 Nbd7 10. a4 Nc5 11. f3 Qc7 12. Be3 Rd8 13. Nb3 d5 14. e5 Nxb3 15. cxb3 d4 16. exf6 dxe3 17. Qc2 Bxf6 18. Rad1 Bd7 19. Bd3 Rac8 20. Bxh7+ Kf8 21. Bd3 Qb6 22. Be2 Bc6 23. Rxd8+ Rxd8 24. Rd1 Rd2 25. Rxd2 exd2+ 26. Kf1 Qd4 27. Ne4 Bxe4 28. fxe4 g6 29. Bf3 Qe3 30. Qd1 Bd4 0-1

[Event "Bratsk-ch"]
[Site "Bratsk"]
[Date "2017.12.21"]
[Round "8"]
[White "Timoshenkov, Alexander"]
[Black "Roslyakov, Evgenuy"]
[Result "1-0"]
[WhiteElo "2181"]
[BlackElo "2008"]
[PlyCount "39"]
[EventDate "2017.12.14"]
[EventType "tourn"]
[EventRounds "11"]
[EventCountry "RUS"]
[SourceTitle "CBM 182 Extra"]
[Source "ChessBase"]
[SourceDate "2018.02.23"]
[SourceVersion "1"]
[SourceVersionDate "2018.02.23"]
[SourceQuality "1"]

1. d4 d5 2. Nf3 Nf6 3. c4 c6 4. Nc3 e6 5. g3 Nbd7 6. Bg2 Be7 7. 0-0 0-0 8. a4 Bb4 9. Qc2 c5 10. cxd5 Bxc3 11. dxe6 Bxd4 12. Nxd4 cxd4 13. exd7 Qxd7 14. Rd1 Rd8 15. Be3 d3 16. Rxd3 Qe8 17. Rxd8 Qxd8 18. Rd1 Nd7 19. Bh3 Qe7 20. Qc7 1-0

[Event "Bratsk-ch"]
[Site "Bratsk"]
[Date "2017.12.17"]
[Round "4"]
[White "Timoshenkov, Alexander"]
[Black "Solovjov, Alexandr"]
[Result "1/2-1/2"]
[WhiteElo "2181"]
[BlackElo "2212"]
[PlyCount "82"]
[EventDate "2017.12.14"]
[EventType "tourn"]
[EventRounds "11"]
[EventCountry "RUS"]
[SourceTitle "CBM 182 Extra"]
[Source "ChessBase"]
[SourceDate "2018.02.23"]
[SourceVersion "1"]
[SourceVersionDate "2018.02.23"]
[SourceQuality "1"]

1. d4 d5 2. e3 Nf6 3. Bd3 e6 4. Ne2 Bd6 5. Nd2 c5 6. c3 Nc6 7. 0-0 0-0 8. f3 e5 9. dxc5 Bxc5 10. Nb3 Bb6 11. Kh1 a5 12. a4 Be6 13. Bc2 Qc7 14. Ng3 Rad8 15. Qe2 d4 16. exd4 exd4 17. Nd2 Nd5 18. Nde4 Nf4 19. Bxf4 Qxf4 20. Qd3 f5 21. Nf2 dxc3 22. Qxc3 Bd4 23. Ne2 Qd6 24. Nxd4 Qxd4 25. Bb3 Bf7 26. Bxf7+ Rxf7 27. Qb3 Qb4 28. Qa2 g6 29. Rad1 Rd4 30. Rxd4 Qxd4 31. Qb3 Kg7 32. g3 Ne5 33. Kg2 Nc4 34. Rc1 Ne3+ 35. Kg1 f4 36. Qc3 Qxc3 37. Rxc3 fxg3 38. Rxe3 gxf2+ 39. Kxf2 Rf4 40. Re7+ Rf7 41. Re5 b6 1/2-1/2

[Event "Bratsk-ch"]
[Site "Bratsk"]
[Date "2016.03.18"]
[Round "9"]
[White "Kravchuk, Oleg"]
[Black "Timoshenkov, Alexander"]
[Result "1-0"]
[WhiteElo "2151"]
[BlackElo "2176"]
[PlyCount "146"]
[EventDate "2016.03.10"]
[EventType "tourn"]
[EventRounds "11"]
[EventCountry "RUS"]
[SourceTitle "CBM 171 Extra"]
[Source "ChessBase"]
[SourceDate "2016.04.26"]
[SourceVersion "1"]
[SourceVersionDate "2016.04.26"]
[SourceQuality "1"]

1. d4 Nf6 2. Nf3 g6 3. c4 Bg7 4. Nc3 0-0 5. g3 d6 6. Bg2 Nc6 7. 0-0 Nd7 8. d5 Na5 9. Qa4 b6 10. Be3 Ne5 11. Nxe5 Bxe5 12. Rac1 Bd7 13. Qb4 Nb7 14. Rfd1 a5 15. Qb3 a4 16. Qc2 Nc5 17. Qd2 Bg7 18. Bd4 f6 19. h3 Qc8 20. Kh2 Qa6 21. Nb1 Rae8 22. e3 e5 23. dxe6 Bxe6 24. Na3 Re7 25. Nc2 Qxc4 26. Bxc5 dxc5 27. Nd4 Qa6 28. Nxe6 Rxe6 29. Bd5 Qc8 30. Qc2 Kh8 31. Bxe6 Qxe6 32. Qxa4 f5 33. Rd2 h5 34. Qc4 Qxc4 35. Rxc4 Rf7 36. Kg2 Be5 37. a4 Bd6 38. Rd1 Kg7 39. Rc2 Kf6 40. a5 bxa5 41. Ra1 h4 42. gxh4 Rh7 43. Rc4 Rh8 44. Rxa5 Rb8 45. Rc2 Rb4 46. Raxc5 Bxc5 47. Rxc5 Rxb2 48. Rc6+ Kf7 49. Rxc7+ Kf6 50. Rc6+ Kg7 51. Kg3 Rb4 52. Rd6 Rb1 53. Kf4 Kh6 54. Rd8 Rb4+ 55. Kg3 Ra4 56. f3 Ra1 57. Kf4 Ra3 58. Re8 Ra4+ 59. Kg3 Ra3 60. Re7 Ra1 61. Re8 Rg1+ 62. Kf4 Rf1 63. h5 g5+ 64. Kxf5 Rxf3+ 65. Kg4 Rf6 66. Rg8 Rf1 67. Rg6+ Kh7 68. Kxg5 Rh1 69. e4 Rxh3 70. e5 Rg3+ 71. Kf6 Rh3 72. Rg5 Re3 73. e6 Kh6 1-0

[Event "Bratsk-ch"]
[Site "Bratsk"]
[Date "2016.03.13"]
[Round "4"]
[White "Timoshenkov, Alexander"]
[Black "Mashaev, Tayanych"]
[Result "1-0"]
[WhiteElo "2176"]
[BlackElo "1877"]
[PlyCount "95"]
[EventDate "2016.03.10"]
[EventType "tourn"]
[EventRounds "11"]
[EventCountry "RUS"]
[SourceTitle "CBM 171 Extra"]
[Source "ChessBase"]
[SourceDate "2016.04.26"]
[SourceVersion "1"]
[SourceVersionDate "2016.04.26"]
[SourceQuality "1"]

1. e4 c5 2. Nf3 Nc6 3. d4 cxd4 4. Nxd4 Nf6 5. Nc3 e6 6. Be2 Bb4 7. 0-0 Bxc3 8. bxc3 Nxe4 9. Bd3 Nf6 10. Ba3 Nxd4 11. cxd4 d6 12. Qf3 0-0 13. Qg3 Ne8 14. Rab1 f5 15. Bb5 f4 16. Qf3 Nc7 17. Bd3 Rf7 18. Rfe1 d5 19. Re5 Qf6 20. Rb3 g6 21. Qg4 Ne8 22. h4 Rg7 23. Bc1 Nd6 24. Bxf4 Nf7 25. Bg3 b6 26. Rc3 Qd8 27. Re1 e5 28. Qe2 e4 29. Bb5 Bf5 30. Qe3 Rc8 31. Rxc8 Qxc8 32. Qb3 Qe6 33. c4 Nd8 34. cxd5 Qc8 35. d6+ Be6 36. d5 Bf5 37. Qc4 Qxc4 38. Bxc4 Nb7 39. f3 Nc5 40. fxe4 Nxe4 41. Be5 Rd7 42. Bb5 Rd8 43. g4 Nxd6 44. Bxd6 Rxd6 45. gxf5 gxf5 46. Kf2 Kf7 47. Kf3 Kf6 48. Bc6 1-0

[Event "Bratsk-ch"]
[Site "Bratsk"]
[Date "2014.03.16"]
[Round "8"]
[White "Podsevny, Alexander"]
[Black "Timoshenkov, Alexander"]
[Result "1-0"]
[WhiteElo "2003"]
[BlackElo "2139"]
[PlyCount "71"]
[EventDate "2014.03.10"]
[EventType "tourn"]
[EventRounds "15"]
[EventCountry "RUS"]
[SourceTitle "CBM 159 Extra"]
[Source "ChessBase"]
[SourceDate "2014.04.24"]
[SourceVersion "1"]
[SourceVersionDate "2014.04.24"]
[SourceQuality "1"]

1. g3 g6 2. Bg2 Bg7 3. c4 Nf6 4. Nf3 0-0 5. 0-0 d6 6. d4 Nc6 7. d5 Na5 8. Nbd2 c5 9. a3 b6 10. h3 Ba6 11. Qc2 b5 12. cxb5 Bxb5 13. b4 cxb4 14. axb4 Rc8 15. Qd1 Nc4 16. Nd4 Bd7 17. Nc6 Bxc6 18. dxc6 Ne5 19. Qa4 Qb6 20. b5 Rb8 21. Rb1 Bh6 22. Nc4 Nxc4 23. Bxh6 d5 24. Bxf8 Rxf8 25. Rfd1 e6 26. e4 Re8 27. exd5 exd5 28. Qa1 Kg7 29. Rxd5 Rc8 30. Qd4 Rxc6 31. bxc6 Qxb1+ 32. Kh2 Nb6 33. Rd6 Qf5 34. g4 Qg5 35. f4 Qh4 36. g5 1-0

[Event "Bratsk Region-ch"]
[Site "Bratsk"]
[Date "2013.10.24"]
[Round "6"]
[White "Bahturin, Konstantin"]
[Black "Timoshenkov, Alexander"]
[Result "1/2-1/2"]
[WhiteElo "2149"]
[BlackElo "2123"]
[PlyCount "79"]
[EventDate "2013.10.19"]
[EventType "swiss"]
[EventRounds "9"]
[EventCountry "RUS"]
[SourceTitle "EXT 2014"]
[Source "ChessBase"]
[SourceDate "2013.11.20"]
[SourceVersion "1"]
[SourceVersionDate "2013.11.20"]
[SourceQuality "1"]

1. d4 d5 2. c4 c6 3. Nf3 g6 4. e3 Nf6 5. Nbd2 Bg7 6. b3 0-0 7. Bb2 Ne4 8. Bd3 Bf5 9. Qc2 Nxd2 10. Qxd2 Bxd3 11. Qxd3 c5 12. cxd5 cxd4 13. e4 e5 14. dxe6 Qa5+ 15. Qd2 Qxd2+ 16. Kxd2 fxe6 17. Kd3 Nc6 18. Ba3 Rf7 19. Rac1 g5 20. h3 h5 21. Bd6 Rd8 22. e5 Rf5 23. Rhe1 g4 24. hxg4 hxg4 25. Nh4 Rxf2 26. Re4 Kf7 27. Rce1 Bf8 28. Bxf8 Rxf8 29. Rxg4 Rg8 30. Rxg8 Kxg8 31. Nf3 Rxg2 32. Nxd4 Rg3+ 33. Re3 Nxe5+ 34. Ke4 Rxe3+ 35. Kxe3 Kf7 36. Nb5 Ke7 37. Nxa7 Kd6 38. Nb5+ Kc5 39. Nc7 Kd6 40. Nb5+ 1/2-1/2

[Event "Angarsk op"]
[Site "Angarsk"]
[Date "2011.10.26"]
[Round "5"]
[White "Kiselyov, Sergey Y"]
[Black "Timoshenkov, Alexander"]
[Result "1-0"]
[WhiteElo "2027"]
[BlackElo "2102"]
[PlyCount "81"]
[EventDate "2011.10.23"]
[EventType "swiss"]
[EventRounds "9"]
[EventCountry "RUS"]
[SourceTitle "EXT 2012"]
[Source "ChessBase"]
[SourceDate "2011.11.24"]
[SourceVersion "1"]
[SourceVersionDate "2011.11.24"]
[SourceQuality "1"]

1. e4 e5 2. Nf3 d6 3. d4 exd4 4. Nxd4 Nf6 5. Nc3 Be7 6. Bf4 0-0 7. Qd2 a6 8. f3 c5 9. Nde2 Qb6 10. 0-0-0 Rd8 11. g4 Be6 12. g5 Ne8 13. Ng3 Nc6 14. Nf5 Bf8 15. h4 Qa5 16. Kb1 b5 17. Nd5 Qxd2 18. Rxd2 Bxf5 19. exf5 Nd4 20. Bh3 Nxf3 21. Rf2 Ne5 22. h5 Ra7 23. Rd1 Nc6 24. f6 Nc7 25. c3 b4 26. Kc2 bxc3 27. bxc3 Nxd5 28. Rxd5 Na5 29. Bf1 Re8 30. Rfd2 h6 31. fxg7 Bxg7 32. gxh6 Be5 33. Bxe5 Rxe5 34. Rxd6 Ra8 35. Rf6 Rxh5 36. Bd3 c4 37. Be4 Re8 38. Bd5 Rf8 39. Bxf7+ Rxf7 40. Rd8+ Kh7 41. Rxf7+ 1-0

[Event "Irkutsk Region-ch"]
[Site "Angarsk"]
[Date "2009.11.03"]
[Round "9"]
[White "Shneider, Alexander"]
[Black "Timoshenkov, Alexander"]
[Result "0-1"]
[WhiteElo "2101"]
[BlackElo "2050"]
[PlyCount "102"]
[EventDate "2009.10.26"]
[EventType "swiss"]
[EventRounds "9"]
[EventCountry "RUS"]
[SourceTitle "EXT 2023"]
[Source "ChessBase"]
[SourceDate "2022.10.05"]
[SourceVersion "1"]
[SourceVersionDate "2022.10.05"]
[SourceQuality "1"]

1. e4 c5 2. d4 cxd4 3. c3 dxc3 4. Nxc3 e6 5. Nf3 d6 6. Bc4 Nc6 7. 0-0 Be7 8. Qe2 a6 9. Rd1 Qc7 10. Bf4 Ne5 11. Bb3 Nf6 12. Rac1 Qb8 13. Nxe5 dxe5 14. Be3 0-0 15. Bb6 Bd7 16. f3 Rc8 17. Qf2 Be8 18. Ba4 Rxc3 19. Rxc3 Bxa4 20. Bc7 Qe8 21. b3 Bc6 22. Bxe5 Bxe4 23. Rc4 Bd5 24. Rcc1 Rc8 25. Qb2 Rxc1 26. Rxc1 Bc6 27. Rd1 Qf8 28. Kh1 Nd5 29. Qd4 f6 30. Bg3 e5 31. Qc4 Qf7 32. Qd3 Qe6 33. Re1 Nb4 34. Qb1 a5 35. h3 Bxf3 36. Kh2 Bc6 37. a3 Qd5 38. Re2 Nd3 39. Be1 Nxe1 40. Qxe1 Bxa3 41. Qf2 Bc5 42. Qf5 Bd7 43. Qc2 Qd4 44. Re1 Qf4+ 45. Kh1 Bb6 46. Qd3 Bc6 47. Rf1 Qe4 48. Qg3 Qg6 49. Qh2 Qd3 50. Rc1 Be3 51. Ra1 Bf4 0-1

[Event "Irkutsk Region-ch"]
[Site "Angarsk"]
[Date "2009.11.01"]
[Round "7"]
[White "Timoshenkov, Alexander"]
[Black "Obolenskikh, Dmitry Aleksandrovi"]
[Result "0-1"]
[WhiteElo "2050"]
[BlackElo "2429"]
[PlyCount "71"]
[EventDate "2009.10.26"]
[EventType "swiss"]
[EventRounds "9"]
[EventCountry "RUS"]
[SourceTitle "EXT 2023"]
[Source "ChessBase"]
[SourceDate "2022.10.05"]
[SourceVersion "1"]
[SourceVersionDate "2022.10.05"]
[SourceQuality "1"]

1. e4 Nf6 2. e5 Nd5 3. d4 d6 4. exd6 cxd6 5. c4 Nf6 6. Nc3 Bg4 7. Be2 Bxe2 8. Qxe2 Nc6 9. Nf3 d5 10. Bg5 dxc4 11. Bxf6 gxf6 12. Qxc4 Bg7 13. 0-0 0-0 14. Rad1 Rc8 15. Qe2 Qd7 16. Qe4 Rfd8 17. Rfe1 Qe8 18. Rd3 e6 19. a3 f5 20. Qf4 Qf8 21. Red1 Ne7 22. Qg5 h6 23. Qd2 Nd5 24. Ne2 Nf6 25. Ne5 Ne4 26. Qe3 Rc2 27. b4 Kh7 28. g4 Nd6 29. Nf4 fxg4 30. Nxg4 Nc4 31. Qf3 Nb2 32. Rb1 Bxd4 33. Nh5 Kh8 34. Ngf6 Rxf2 35. Qe4 Rxf6+ 36. Rxd4 0-1

[Event "Sibiria Region-ch"]
[Site "Irkutsk"]
[Date "2009.05.15"]
[Round "8"]
[White "Tunik, Sergey"]
[Black "Timoshenkov, Alexander"]
[Result "1-0"]
[WhiteElo "1790"]
[BlackElo "2070"]
[PlyCount "73"]
[EventDate "2009.05.10"]
[EventType "swiss"]
[EventRounds "9"]
[EventCountry "RUS"]
[SourceTitle "CBM 130 Extra"]
[Source "ChessBase"]
[SourceDate "2009.07.02"]
[SourceVersion "2"]
[SourceVersionDate "2009.07.15"]
[SourceQuality "1"]

1. d4 d5 2. c4 e6 3. Nc3 Nf6 4. Bg5 c6 5. e3 Nbd7 6. Nf3 Be7 7. Bd3 b6 8. cxd5 cxd5 9. 0-0 0-0 10. Rc1 a6 11. Rc2 Bb7 12. Qe2 h6 13. Bh4 b5 14. Rfc1 Nb6 15. b3 Rc8 16. a4 b4 17. Nd1 a5 18. Ne5 Ne4 19. Rxc8 Nxc8 20. Rxc8 Qxc8 21. Bxe7 Re8 22. Bh4 Qc1 23. Bxe4 dxe4 24. Qg4 f5 25. Qh5 Rc8 26. h3 Qc7 27. Nb2 f4 28. Nbc4 Bd5 29. Ng6 Bxc4 30. Ne7+ Kh8 31. Bf6 Qxe7 32. Bxe7 Bxb3 33. Qxa5 f3 34. Bc5 fxg2 35. Qxb4 Bd5 36. a5 Kh7 37. a6 1-0

[Event "Sibiria Region-ch"]
[Site "Irkutsk"]
[Date "2009.05.11"]
[Round "3"]
[White "Timoshenkov, Alexander"]
[Black "Khantuev, Alexander"]
[Result "0-1"]
[WhiteElo "2070"]
[BlackElo "2342"]
[PlyCount "142"]
[EventDate "2009.05.10"]
[EventType "swiss"]
[EventRounds "9"]
[EventCountry "RUS"]
[SourceTitle "CBM 130 Extra"]
[Source "ChessBase"]
[SourceDate "2009.07.02"]
[SourceVersion "2"]
[SourceVersionDate "2009.07.15"]
[SourceQuality "1"]

1. Nf3 c5 2. b3 b6 3. e3 Bb7 4. Bb2 Nf6 5. c4 e6 6. Be2 Be7 7. 0-0 0-0 8. Nc3 a6 9. d4 cxd4 10. Nxd4 Nc6 11. Bf3 Qc7 12. Rc1 Ne5 13. Bxb7 Qxb7 14. Qe2 Rac8 15. Rfd1 Rfd8 16. Nf3 Ng6 17. Ne1 h5 18. Qf3 Qb8 19. Nd3 Bd6 20. g3 b5 21. cxb5 axb5 22. Ne4 Nxe4 23. Qxe4 Qa8 24. Qxa8 Rxa8 25. Ra1 b4 26. Rdc1 Ra5 27. Rc4 Rb8 28. Kf1 Be7 29. Ke2 Rba8 30. Nxb4 d5 31. Rd4 e5 32. Rxd5 Bxb4 33. Rxa5 Bxa5 34. a3 Rc8 35. Rc1 Rxc1 36. Bxc1 e4 37. Bd2 Bc7 38. f4 Kf8 39. h3 Ne7 40. g4 hxg4 41. hxg4 Nd5 42. a4 Bd6 43. a5 Ke8 44. a6 Bb8 45. Bc1 Nb4 46. Kd2 Kd7 47. f5 Nxa6 48. Kc3 Be5+ 49. Kc4 Kc6 50. Ba3 Nc7 51. Bc5 Nb5 52. Bf8 g6 53. fxg6 fxg6 54. Be7 Bb2 55. Bf8 Bc1 56. Bc5 Bd2 57. b4 Bc1 58. Kb3 Bd2 59. Kc4 Be1 60. Bf8 Bh4 61. Bc5 Bg5 62. Kb3 Kd5 63. Bb6 Nd6 64. Ba7 Nc4 65. b5 Nxe3 66. Kc3 Bf6+ 67. Kb4 Nxg4 68. Ka5 e3 69. Bb8 Be5 70. Bxe5 Nxe5 71. b6 e2 0-1